00513nam a22001577a 450000500170000000800410001702000150005804100130007308200140008610000130010024501110011325000190022426000600024330000260030365000260032920231117094316.0231117b |||||||| |||| 00| 0 eng d a9982110039 aEnglish  a343.7 BOM lEnglish  aNamibia: Legal Framework and Development Strategy Options for the Mining Industry / cedited by NK Duggal  aFirst Edition  aLusaka : bUnited Nations Institute for Namibia, c1987 b176 pages ; c24 cm.  aLegal practice bLaw